Русская лилия: роман

Podrobná bibliografie
Hlavní autor: Арсеньева Е. Елена
Shrnutí:Племянница русского императора Александра Николаевича Ольга недолго томилась в родительском доме в ожидании прекрасного принца. Родители быстро нашли подходящего кандидата на руку и сердце девушки — юного Георга, который взошел на престол Греции. Теперь Ольга должна последовать за будущим супругом в далекую и чуждую страну, где ей придется не только пройти через страшные испытания, но и доказать всем и самой себе, что она не безвольная чужестранка, а сильная и уверенная в себе правительница.
Jazyk:ruština
Vydáno: Москва, Эксмо, 2012
Edice:Чаровница. Романы Е. Арсеньевой
Témata:
Médium: MixedMaterials Kniha
KOHA link:https://koha.lib.tpu.ru/cgi-bin/koha/opac-detail.pl?biblionumber=225722

MARC

LEADER 00000nam0a2200000 4500
001 225722
005 20231031201026.0
010 |a 9785699598564 
035 |a (RuTPU)RU\TPU\book\246080 
035 |a RU\TPU\book\246032 
090 |a 225722 
100 |a 20121114d2012 m y0rusy50 ca 
101 0 |a rus 
102 |a RU 
105 |a y z 000ay 
200 1 |a Русская лилия  |e роман  |f Е. Арсеньева 
210 |a Москва  |c Эксмо  |d 2012 
215 |a 284 с. 
225 1 |a Чаровница. Романы Е. Арсеньевой 
330 |a Племянница русского императора Александра Николаевича Ольга недолго томилась в родительском доме в ожидании прекрасного принца. Родители быстро нашли подходящего кандидата на руку и сердце девушки — юного Георга, который взошел на престол Греции. Теперь Ольга должна последовать за будущим супругом в далекую и чуждую страну, где ей придется не только пройти через страшные испытания, но и доказать всем и самой себе, что она не безвольная чужестранка, а сильная и уверенная в себе правительница. 
610 1 |a исторические романы 
610 1 |a русская литература 
610 1 |a любовные романы 
675 |a Р2  |v 3 
700 1 |a Арсеньева  |b Е.  |g Елена 
801 1 |a RU  |b 63413507  |c 20121114 
801 2 |a RU  |b 63413507  |c 20130219  |g RCR 
942 |c BK